000
00314nam a22001337a 4500
008
181023b xxu||||| |||| 00| 0 eng d
020
_a
0669270490
041
_a
eng
080
_a
941
100
_a
16
101
_a
his
245
_a
Major Problems In American Indian History
_c
Hurtado.A L
942
_2
udc
_c
BK
999
_c
50561
_d
50561